000 00892nam a2200217Ii 4500
003 JO-AjNU
008 230605s9999||||xx |||||||||||||| ||und||
017 _a1999/5/758
040 _aJO-AjNU
_bara
_erda
_cJO-AjNU
041 _aara
050 1 4 _aHN49.C6 .S5212 2000
100 3 _aشومان، مايكل ؛ ترجمة: محمد نجار ؛ مراجعة: فاروق جرار,
_eauthor
_915018
245 0 0 _a نحو قرية عالمية = Towards aglobal village : مبادرات تطوير مجتمع عالمي
250 _aط1 العربية
264 3 1 _aعمان: دار النسر للنشر والتوزيع، 2000
300 _a183ص
336 _atext
_btxt
_2rdacontent
337 _aunmediated
_bn
_2rdamedia
338 _avolume
_bnc
_2rdacarrier
650 4 _aالتنمية الاجتماعية - التنمية الاقتصادية - التنمية الثقافية
_915019
999 _aA4143
_c7711
_d7711